000 00857nam a2200277 i 4500
001 C2-0339725
003 PPAK
005 20180728141831.0
008 161221s2017 my a|||| ||||| | may d
020 _a9789672053019
040 _aPPAK
_beng
_cPPAK
_erda
082 0 4 _a658.827
_223
090 0 0 _a658.827
_bGIO
_dK
245 0 0 _aGiorgio Armani
264 1 _aCheras, Selangor :
_bArena Educational Supply ,
_c2017
300 _a40 pages :
_bcolour photographs ;
_c26 cm
336 _2rdacontent
_atext
337 _2rdamedia
_aunmediated
338 _2rdacarrier
_avolume
490 1 _aJenama bisnes gergasi dunia
500 _aIncludes glossary and excercises
650 1 0 _aBrand name products. ; Business name. ; Fashion design - Italy.
700 1 _aAmir Zakaria, 1969-,
_ecompile
830 0 _aJenama bisnes gergasi dunia
942 _ddc
_cB
999 _c136971
_d136971